1-9 Fast Typing - Statistics

General Stats
  • This quiz has been taken 1,814 times
  • The average score is 9 of 9
Answer Stats
Answer % Correct
2
98%
3
98%
4
97%
1
96%
5
95%
6
95%
8
95%
9
95%
7
94%
No matching quizzes found
Score Distribution
Percent of People with Each Score
Percentile by Number Answered
Your Score History
You have not taken this quiz